Name Every Starting QB #1 - Statistics

General Stats
  • This quiz has been taken 35 times
  • The average score is 13 of 15
Answer Stats
Hint Answer % Correct
Eagles Jalen Hurts
100%
49ers Brock Purdy
97%
Cowboys Dak Presscott
94%
Seahawks Geno Smith
94%
Commanders Jayden Daniels
94%
Giants Daniel Jones
90%
Packers Jordan Love
90%
Cardinals Kyler Murray
90%
Buccaneers Baker Mayfield
87%
Rams Matthew Stafford
87%
Panthers Bryce Young
84%
Bears Caleb Williams
81%
Lions Jared Goff
81%
Saints Derek Carr
74%
Vikings JJ McCarthy
61%
No matching quizzes found
Score Distribution
Percent of People with Each Score
Percentile by Number Answered
Your Score History
You have not taken this quiz